000 00332nam a22001457a 4500
008 210312b ||||| |||| 00| 0 eng d
020 _a9781133362111
041 _aeng
080 _27th
_a541
082 _27th
_a541
100 _a12
101 _aKIM
245 _aPreparatory Chemistry CHEM 1301
_cZumdahi,S.S
942 _2udc
_cBK
999 _c56475
_d56475